000
00301nam a2200133Ia 4500
005
20251222144903.0
008
251222s9999||||xx |||||||||||||| ||spa||
020
_a
84-244-0494-7
082
_a
615.782.2/F83
100
_a
Freixa, F.
245
0
_a
Toxicomanias:
264
_b
Fontanella
942
_c
LIB
999
_c
22045
_d
22045